Province confinanti più popolose - Quiz n°2 - Statistics

Statistiche generali
  • Questo quiz è stato fatto 3 volte
  • Il punteggio medio è 9 su 11
Statistiche sulle risposte
Provincia Provincia confinante più popolosa % Corretto
Ravenna Bologna
100%
Trento Brescia
100%
Torino Cuneo
100%
Fermo Macerata
100%
Reggio Emilia Modena
100%
Ascoli Piceno Perugia
100%
Ancona Perugia
100%
Gorizia Udine
100%
Rimini Forlì-Cesena
33%
Parma Genova
33%
Savona Geniova
0%
Nessun quiz corrispondente trovato
Distribuzione punteggi
Percentuale di utenti per punteggio
Percentile per numero di risposta
I tuoi punteggi nel tempo
Non hai fatto questo quiz